| 000 | 00472cam a2200205ua 4500 | ||
|---|---|---|---|
| 001 | 10234 | ||
| 005 | 20260515114608.0 | ||
| 008 | 171023n ii |||gr||||Z||||||asm | ||
| 020 | _a9789381784464 | ||
| 040 | _cMAIN | ||
| 041 | _aasm | ||
| 082 | _a891.4512 | ||
| 100 |
_aNath, Dipen, _eAuthor. |
||
| 245 |
_aAsamiya natak _cBy Dipen Nath |
||
| 250 | _a4th ed. | ||
| 260 |
_aJorhat: _bBidya bhawan, _c2016. |
||
| 300 | _a234p. | ||
| 653 | _aAssamese drama | ||
| 942 | _cBK | ||
| 999 |
_c9222 _d9222 |
||